LEADER 01473nam a2200289 i 4500 001 000000246504 003 CaOOAMICUS 005 20220704102405.0 008 151113s1709 it u000 u ita u 013 $a225409 026 $al-e- 47i- tota quVe (3) 1709 (R) 040 $aSeMil$bita 100 1 $aGiussano, Giovanni Pietro,$d.$0(OLS)http://semarc/name/5381 245 10$aVita di S. Carlo Borromeo prete cardinale del tit. di S. Prassede arcivescovo di Milano scritta dal dottore Gio. Pietro Giussano .. 260 $aIn Brescia :$bDalle Stampe di Giammaria Rizzardi,$c1709. 300 $a[16], 536 [i.e. 526], [6] p. ;$c4°. 500 $aFront. stampato in rosso e nero. - Iniz., finalini xilogr. - Testo su due colonne 500 $aSegn.: a8 A-2I8 2K10. - Omesse nella num. le p. 256-265 600 04$aBorromeo, Carlo .$0(OLS)http://semarc/subject/690 700 1 $aRizzardi, Giammaria,$c.$0(OLS)http://semarc/name/12521 850 $aSeMil 852 $aSeMil$W1$xVenegono$y1$m3G IV 13 FA$j196850$B196850$CSeMilBibl$Z2$F207831 $8I 941 1 $a10 961 $aRecupero: Mantegazza 996 $6245$aVita di S. Carlo Borromeo prete cardinale del tit. di S. Prassede arcivescovo di Milano scritta dal dottore Gio. Pietro Giussano ..$9(OLS)http://semarc/title/348310 996 $6260$aIn Brescia :$bDalle Stampe di Giammaria Rizzardi$9(OLS)http://semarc/publisher/54705 LEADER 01170nam a2200193 i 4500 001 000000112643 003 CaOOAMICUS 005 20160805000000.0 008 160805s1630 it u000 u lat u 013 $a85327 026 $aa.m- m,ru n-em lica (3) 1630 (R) 040 $aSeMil$bita 245 10$a1. 300 $a[12] p., 1034 [i.e. 1042] col., [3] p., [2] carte di tav. calcogr. :$bill. 500 $aErrori nella num. delle col. Segn. : *6 A-2K6 2L8 2M-2T6 2V8. - Ill. calcogr. infratestuali. - Marca tip. n.c. sul front. (leone rampante con fiaccola). 773 0 $aChacón, Alphonse <1540-1599>$tVitae et res gestae pontificum Romanorum et s.r.e cardinalium ab initio nascentis Ecclesiae, vsque ad Vrbanum 8. pont. max. auctoribus m. Alphonso Ciaconio ... Francisco Cabrera Morali ... & Andrea Victorello ... Alia plura Victorellus, et Ferdinandus Vghellus ... ex mss. praesertim monumentis addiderunt. Hieronymus Aleander i.c. & alij Ciaconianum opus recensuerunt.$dRomae : Typis Vaticanis, 1630.$g1$w()31128 850 $aSeMil 852 $aSeMil$W1$xVenegono$y1$m3E VIII 26 FA$j68364$B68364$CSeMilBibl$Z2$F74377 $8I 996 $6245$a1$9(OLS)http://semarc/title/6508